000 00303nam a2200133Ia 4500
005 20251222140050.0
008 251222s1900||||xx |||||||||||||| ||spa||
020 _a8871465148
082 _a179.7/S42
100 _aSerra, Cristina
245 0 _aIl Progetto Genoma Umano.
264 _bCUEN
942 _cLIB
999 _c3581
_d3581